书目信息 |
| 题名: |
管理与商务英语
|
|
| 作者: | 刘常华 , 邹葳 , 徐正华 编 | |
| 分册: | ||
| 出版信息: | 天津 天津大学出版社 2005.05 |
|
| 页数: | 287页 | |
| 开本: | 24cm | |
| 丛书名: | ||
| 单 册: | ||
| 中图分类: | H31 | |
| 科图分类: | ||
| 主题词: | 经济管理--jing ji guan li--英语 , 商务--shang wu--英语--研究生--教材 | |
| 电子资源: | ||
| ISBN: | 7-5618-2128-X | |
| 000 | 01030nam0 2200265 450 | |
| 001 | 012006670658 | |
| 005 | 20060914152344.32 | |
| 010 | @a7-5618-2128-X@dCNY30.00 (含光盘) | |
| 100 | @a20060727d2005 km y0chiy0120 ea | |
| 101 | 0 | @achi@aeng |
| 102 | @aCN@b120000 | |
| 105 | @aa z 000yy | |
| 200 | 1 | @a管理与商务英语@Aguan li yu shang wu ying yu@d= Management and busimess English@f徐正华, 刘常华, 邹葳编@Fxu zheng hua,liu chang hua,zou wei bian@zeng |
| 210 | @a天津@c天津大学出版社@d2005.05 | |
| 215 | @a287页@c图@d24cm@e光盘1片 | |
| 330 | @a本书是综合性大学研究生英语必修课教材,主要介绍管理、金融、营销、国际贸易等管理、商务方面的基础知识,使学生掌握管理与商务领域的基本概念。 | |
| 510 | 1 | @aManagement and busimess English@zeng |
| 606 | 0 | @a经济管理@Ajing ji guan li@x英语 |
| 606 | 0 | @a商务@Ashang wu@x英语@x研究生@j教材 |
| 690 | @aH31@v4 | |
| 701 | 0 | @a刘常华@Aliu chang hua@4编 |
| 701 | 0 | @a邹葳@Azou wei@4编 |
| 701 | 0 | @a徐正华@Axu zheng hua@4编 |
| 801 | 0 | @aCN@bQSSK@c20060914 |
| 905 | @a10447@dH31@eX842 | |
| 管理与商务英语= Management and busimess English/徐正华, 刘常华, 邹葳编.-天津:天津大学出版社,2005.05 |
| 287页:图;24cm+光盘1片 |
| ISBN 7-5618-2128-X:CNY30.00 (含光盘) |
| 本书是综合性大学研究生英语必修课教材,主要介绍管理、金融、营销、国际贸易等管理、商务方面的基础知识,使学生掌握管理与商务领域的基本概念。 |
| ● |
| 相关链接 |
|
|
|
正题名:管理与商务英语
索取号:H31/X842
 
预约/预借
| 序号 | 登录号 | 条形码 | 馆藏地/架位号 | 状态 | 备注 |
| 1 | 594418 | 205944184 | 语言库209/209语言库 88排4列2层/ [索取号:H31/X842] | 在馆 | |
| 2 | 594419 | 205944193 | 语言库209/209语言库 88排4列2层/ [索取号:H31/X842] | 在馆 | |
| 3 | 594420 | 205944200 | 语言库209/209语言库 88排4列2层/ [索取号:H31/X842] | 在馆 |